Дневник Шиллинга М. Ф.

Доступно только в Электронных читальных залах Найти на картеНа карте
RUSMARC
00003956nac2a22002773x 450
0015d4c6856-10f8-4f26-b76b-30622f036c1a
00520211213145733.0
100##$a20211120l19011901k y0rusy50 ca
1010#$arus
$afre
102##$aRU
105##$ay z |||||
1222#$ad19010716
$ad19011009
2001#$aДневник Шиллинга М. Ф.
$j16 июля 1901 - 09 октября 1901
215##$a22 листа
251##$cДело
300##$aНа папке дела: 16 июля 1901 г. - 4 октября 1901 г.
300##$aЧасть текста на французском языке
300##$aЛист: 22 - чистый
300##$aРукописный текст
330##$aВходит в раздел описи: 3. Документы о научной и литературной деятельности барона Шиллинга М. Ф.
461#0$1001ff9fc58f-089b-437b-980d-902343bc59d8
$12001
$aШиллинг Маврикий Фабианович, барон, секретарь русского посольства в Вене
$1251
$cФонд
$1852
$j813
462#0$1001665c067c-d934-4316-b9df-5bf0ad49190b
$12001
$aДела постоянного хранения. 1817-1917
$vД. 126
$1251
$cОпись
$1852
$j1
600#1$aШиллинг
$bМ. Ф.
$cбарон
$gМаврикий Фабианович
801#0$aRU
$bGA_RF
801#1$aRU
$bГлавНИВЦ
$c20211120
$2rusmarc
801#2$aRU
$bПБ им. Б.Н. Ельцина
$c20211213
$gRCR
$2rusmarc
852##$aГА РФ
$j126
937##$d171519814
$hГАРФ
035##$aRuPRLIB51060863
856##$uhttp://readingroom.main.prlib.ru/item.aspx?id_node=n171519814&mode=full
Формат отображения